00233nam a2200085Ia 4500001000800000005001700008008004100025245005000066260003100116125141820251031150915.0251031s9999 xx 000 0 und d 0cSERPİL KAYAaS-3 KAÇ ADIM DEMİŞTİN? bMAVİ KİRPİ YAYINLARI